Ley electoral (Registro nro. 312299)

Detalles MARC
000 -ENCABEZADO
Número de control [NR] 00690 a2200181 4500
005 - FECHA Y HORA DE LA ÚLTIMA TRANSACCIÓN
control field 20190806102636.0
008 - DE LONGITUD FIJA DE DATOS DE ELEMENTOS - INFORMACIÓN GENERAL
Elementos de longitud fija [NR] 190528b1977 sp ||||| |||| 00| 0 spa d
020 ## - NUMERO INTERNACIONAL NORMALIZADO PARA LIBROS [R]
Número Internacional Normalizado del libro [NR] 8471301865
040 ## - FUENTE DE CATALOGACION [NR]
Agencia de catalogación original [NR] CO-BoUCM
Idioma de catalogación [NR] spa
Quien Cataloga Oscar Ávila (modificó)
Quien Clasifica Oscar Ávila (modificó)
041 0# - CODIGO DE IDIOMA [R]
Código de idioma para texto/pista de sonido o título separado [R] Español
100 10 - ASIENTO PRINCIPAL--NOMBRE PERSONAL [NR]
Nombre personal [NR] Sánchez Agesta, Luis
ID Autoridad 45608
245 ## - MENCION DE TITULO [NR]
Título [NR] Ley electoral
Parte restante del título [NR] real decreto ley sobre normas electorales
Mención de responsabilidad, etc. [NR] Luis Sánchez Agesta
260 ## - PUBLICACION, DISTRIBUCION, ETC. (PIE DE IMPRENTA) [R]
Nombre del editor, distribuidor, etc. [R] Editorial revista de derecho privado
Fecha de publicación, distribución, etc. [R] 1977
Lugar de publicación, distribución, etc. [R] Madrid, España
Fecha de fabricación [R] 1977
650 #7 - ASIENTO SECUNDARIO DE MATERIA - TERMINO TEMATICO [R]
9 (RLIN) 12857
Término temático o nombre geográfico como elemento de entrada [NR] Derechos civiles
Subdivisión geográfica [R] España
650 #7 - ASIENTO SECUNDARIO DE MATERIA - TERMINO TEMATICO [R]
9 (RLIN) 13957
Término temático o nombre geográfico como elemento de entrada [NR] Elecciones
Subdivisión general [R] Derecho
942 ## - ELEMENTOS DE ENTRADA AGREGADOS (KOHA)
Tipo de ítem principal el descrito en 300a Libro
Sistema de clasificación DEWEY
Tema principal Derecho
Edición 1
Clasificación 342.4607
Parte restante de la signatura top. S669l
Título oculto en OPAC No
Existencias
Signatura topográfica Código de barras Última vez visto Ejemplar Costo de reposición Price effective from Tipo de ítem Perdido Sistema de clasificación Dañado No prestable Tipo de ítem específico Suprimido Ubicación habitual Ubicación actual Localización Fecha de creación Proveedor Forma de adquisición Costo
342.4607 S669l 100160226 06/12/2024 Ej.1 26000.00 07/05/2019 Libro   DEWEY     Libro   BodegaJK Claustro Préstamo 2 días después de solicitado 07/05/2019 12 Donación 0.00